000
00335nam a22001577a 4500
003
SGT
020
_a
978-93-803-9458-6
082
_a
658.4033
_b
EVA
100
_a
EVANS, JAMES
245
_a
BUSINESS ANALYTICS
250
_a
3RD
260
_a
INDIA
_b
PEARSON
_c
2024
300
_a
704
650
_a
ANALYTICS
942
_2
ddc
_c
BK
_0
23
999
_c
25731
_d
25731